Personnages Disney/Pixar en images - S - Statistiques

Statistiques générales
  • Ce quiz a été pris 535 fois
  • Le résultat moyen est 9 sur 20
Statistiques - réponses
Par images Réponse % Correct
Stitch
99%
Simba
94%
Scar
91%
Simplet
89%
Sébastien
88%
Sven
80%
Sully
76%
Shere Khan
48%
Sid Phillips
42%
Sally
38%
Sa Sucrerie
32%
Syndrome
32%
Shan-Yu
30%
Stromboli
22%
Sisu
21%
Spot
13%
Shank
7%
Scroop
4%
Sabino
2%
Searcher Clade
2%
Aucun quiz correspondant
Distribution des résultats
% des personnes avec chaque résultat
Percentile par nombre de réponses
Votre historique - résultats
Vous n’avez pas pris ce quiz